10店舗以上を展開しているハンバーガーチェーン - Statistics

General Stats
  • This quiz has been taken 438 times
  • The average score is 7 of 15
Answer Stats
チェーン名 店舗数 % Correct
マクドナルド 2951
99%
モスバーガー 1281
99%
バーガーキング 186
90%
ロッテリア 308
78%
ケンタッキーフライドチキン 1194
71%
フレッシュネスバーガー 163
55%
ドムドムハンバーガー 27
54%
ウェンディーズファーストキッチン 53
35%
サブウェイ 167
31%
ラッキーピエロ 13
27%
ファーストキッチン 57
23%
クアアイナ 35
11%
A&W 23
9%
TGIフライデーズ 12
1%
VILLAGE VANGUARD DINER 11
0%
No matching quizzes found
Score Distribution
Percent of People with Each Score
Percentile by Number Answered
Your Score History
You have not taken this quiz